000 00384 a2200133 4500
001 149700
040 _cEscola São Tomás de Aquino
100 _aAZEVEDO, Ricardo
240 1 0 _aVocê me chamou de feio, sou feio mas sou dengoso!
_lpor
245 1 0 _aVocê me chamou de feio, sou feio mas sou dengoso!
362 0 _a2007
697 _aFolclore / Adivinhações / Lendas
942 _cBK
999 _c149700
_d149700